000 02696nam a2200613Ia 4500
005 20250605073554.0
008 130821s1923 fr gr fre
020 _a9028603824
040 _aCo-BoUCM
_bspa
_cDeissy Garcia (modificó)
_dDavid Moreno (modificó)
041 0 0 _afre
100 1 _aKorff, S.
_9172620
245 1 0 _aIntroduction à l'historie du droit international
_cS. Kroff
260 _aParís (Francia)
_bLibrairie Hachette
_c1923
300 _a658 páginas
490 0 _aRecueil des Cours Collected Courses of the Hague Academy of International Law
_v1
610 _aCruz Roja Internacional
_94168
650 0 4 _aAguas territoriales
_97258
650 0 4 _aArbitramento internacional
_99307
650 0 4 _aDerecho comercial
_912717
650 0 4 _aDerecho internacional humanitario
_97496
650 0 4 _aDerecho internacional privado
_97497
650 0 4 _aDerecho internacional público
_97498
650 0 4 _aDerecho internacional
_912776
650 0 4 _aDerecho internacional
_xHistoria
_999845
650 0 4 _aDerechos civiles
_912857
650 0 4 _aDerechos humanos
_97499
650 0 4 _aExtradición
_915490
650 0 4 _aExtraterritorialidad
_915499
650 0 4 _aJurisdicción (Derecho internacional)
_918166
650 0 4 _aMediación internacional
_919116
650 0 4 _aMinorías
_919582
650 0 4 _aObligaciones internacionales
_920658
700 1 _aGrafton Wilson, George
_9172621
700 1 _aPhillimore, Lord
_9172622
700 1 _aRolin, Albéric
_9172623
700 1 _aStrisower, Léo
_9172624
700 1 _aTriepel, H.
_9172625
700 1 2 _aBarra, Fr. de la
_9172626
700 1 2 _aBorel, Eugéne
_9172627
700 1 2 _aFischer Williams K.C., John
_9172628
700 1 2 _aMandelstam, André
_9172629
710 2 _aAcadémie de Droit International Law.
_964196
740 0 2 _aDroits et devoirs fondamentaux des États / Lord Phillimore.
740 0 2 _aQuelques questions relatives à l'extradition / Albéric Rolin.
740 2 2 _aL'exterritorialité et ses principales applications / Léo Strisower.
740 2 2 _aL'Organisation internationale de la Croix-Rouge / Eugène Borel.
740 3 2 _aLa médiation et la conciliation internationales / Fr. de la Barra.
740 3 2 _aLa protection des Minorités / André Mandelstam.
740 3 2 _aLe droit international et les obligations financières internationales qui naissent d'un contrat / John Fischer Williams K.C.
740 4 2 _aLes eaux adjacentes au territoire des États / George Grafton Wilson.
740 4 2 _aLes rapports entre le droit interne et le droit international / H. Triepel.
942 _a8
_e1
_kR
_mR311
_cLIBROREF
_2DEWEY
_h341.02
_n0
999 _c45704
_d45704